Diseño del procedimiento para la realización de ensayos en el laboratorio de una industria productora de resina pet reciclado
محفوظ في:
| المؤلف الرئيسي: | |
|---|---|
| مؤلفون آخرون: | |
| التنسيق: | كتاب |
| اللغة: | Spanish |
| منشور في: |
San José, Costa Rica
2013
|
| الموضوعات: | |
| الوسوم: |
إضافة وسم
لا توجد وسوم, كن أول من يضع وسما على هذه التسجيلة!
|
MARC
| LEADER | 00000nam a22000007a 4500 | ||
|---|---|---|---|
| 003 | 011740 | ||
| 005 | 20231122103304.0 | ||
| 008 | 151001b2013 cr a|||| |||| 00| ||spa d | ||
| 040 | |c cru CEDI | ||
| 090 | |a TFG 6910 | ||
| 100 | |9 1320 |a Torres Contreras, Angélica, 1989- | ||
| 245 | |a Diseño del procedimiento para la realización de ensayos en el laboratorio de una industria productora de resina pet reciclado | ||
| 260 | |a San José, Costa Rica |c 2013 | ||
| 300 | |a xv, 181 hojas : ilustraciones a color. | ||
| 500 | |a Proyecto de graduación (licenciatura en ingeniería química)--Universidad de Costa Rica. Facultad de Ingeniería. Escuela de Ingeniería Química | ||
| 501 | |a Director de Proyecto de Graduación: M.Sc. Oscar Jaubert Calvo | ||
| 650 | |x TEREFTALATO DE POLIETILENO |x TEREFTALATO DE POLIETILENO - RECICLADO - PRODUCCION |x LABORATORIOS - EQUIPO Y ACCESORIOS |x TEREFTALATO DE POLIETILENO - PRUEBAS - EQUIPO Y ACCESORIOS |x TEREFTALATO DE POLIETILENO - CONTROL DE CALIDAD - EQUIPO Y ACCESORIOS |x APROVECHAMIENTO DE RESIDUOS |x GOMAS Y RESINAS |9 1233 | ||
| 700 | |a Jaubert Calvo, Oscar Gerardo, 1951-2018 |d Director del TFG |9 1319 | ||
| 942 | |c TFG |h TFG 6910 |i 011740 |6 TFG_6910_011740000000000 | ||
| 999 | |c 14035 |d 14035 | ||
